A la sombra de los muchachos en flor

Guardat en:
Dades bibliogràfiques
Autor principal: Simón, Nelson
Format: Llibre
Idioma:anglès
Publicat: La Habana Ediciones UNIÓN 2003
Etiquetes: Afegir etiqueta
Sense etiquetes, Sigues el primer a etiquetar aquest registre!

MARC

LEADER 00000nam a2200000 4500
005 20231113112011.0
008 231113b |||||||| |||| 00| 0 eng d
020 |a 9592094918 
040 |c C 
100 |a Simón, Nelson 
245 |a A la sombra de los muchachos en flor 
260 |a La Habana  |b Ediciones UNIÓN  |c 2003 
942 |2 ddc  |c BK  |n 0 
952 |0 0  |1 0  |2 ddc  |4 0  |6 861_708000000000000_SIM_SOM  |7 1  |9 195  |a SV  |b SV  |d 2013-10-19  |l 0  |o 861.708 SIM SOM  |p 1391  |r 2023-11-13 11:21:00  |w 2023-11-13  |y BK  |z Donazione Riccardo Gottardi 
952 |0 0  |1 0  |2 ddc  |4 0  |6 861_708000000000000_SIM_SOM  |7 1  |9 196  |a GE  |b GE  |d 2015-02-08  |l 0  |o 861.708 SIM SOM  |p 1392  |r 2023-11-13 11:22:00  |w 2023-11-13  |y BK  |z Donazione Riccardo Gottardi 
999 |c 161  |d 161